000 00623nam a2200193Ii 4500
003 JO-AjNU
008 230606s9999||||xx |||||||||||||| ||und||
040 _aJO-AjNU
_beng
_erda
_cJO-AjNU
041 _aeng
050 1 4 _aHD31.L35.1968
100 3 _aLeavitt,Harold J,
_eauthor
_92882
245 0 0 _aMANAGERIAL PSYCHOLOGY An Introduction to Individuals,pairs,and Groups in Organizations
264 3 1 _aCHICAGO:THE UNIVERSITY OF CHICAGO PRESS,1968
300 _a434p
336 _atext
_btxt
_2rdacontent
337 _aunmediated
_bn
_2rdamedia
338 _avolume
_bnc
_2rdacarrier
650 4 _aMANAGERIAL PSYCHOLOGY
_92883
999 _aE1510
_c1510
_d1510